| 000 | 00863nam a2200301Ia 4500 | ||
|---|---|---|---|
| 003 | OSt | ||
| 005 | 20220912151134.0 | ||
| 006 | a|||||r|||| 00| 0 | ||
| 007 | ta | ||
| 008 | 220909b |||||||| |||| 00| 0 eng d | ||
| 020 | _a0387001387 (hbd) | ||
| 024 | _a1787 | ||
| 037 | _cTextbook | ||
| 040 |
_aCSL _beng _cCSL |
||
| 041 | _aeng | ||
| 082 | _aB287, P3 TB28 | ||
| 100 | _aGulati Sneh | ||
| 245 | 0 | _aParametric and nonparametric inference from record-breaking data | |
| 260 |
_aNew York _b Springer-Verlag _c2003 |
||
| 300 |
_aviii,113p. _ccm. |
||
| 490 | _aLecture notes in statistics; 172 | ||
| 500 | _aIndex 111-113p | ||
| 650 | _a Statistics | ||
| 650 | _aSequential analysis | ||
| 700 | _a Padgett William J | ||
| 942 |
_hB287, P3 TB28 _cTB _2CC |
||
| 999 |
_c62137 _d62137 |
||